000 00282nam a22001217a 4500
008 171020b xxu||||| |||| 00| 0 eng d
041 _aeng
080 _a338
100 _a54
101 _aMEN
245 _aEFFECTIVE MANAGEMENT INFORMATION SYSTEMS
_cTHIERAUF,R.J
942 _2udc
_cBK
999 _c35056
_d35056